Chansons de Werenoi - Album Diamant noir - Statistiques

Statistiques générales
  • Ce quiz a été pris 67 fois
  • Le résultat moyen est 12 sur 18
Statistiques - réponses
Ordre dans l'album Chansons % Correct
01 Poney
90%
03 First
79%
04 Triple V
79%
11 Gulfstream
75%
10 Diamant noir
71%
16 Industry Plant
69%
05 Riri
69%
07 Embouteillé
67%
13 FTR
67%
08 Jalouse
67%
09 Colisée
65%
02 Dispense
65%
17 Titanic
63%
12 Faillite
62%
15 Clair de lune
60%
14 11.04.2025
56%
06 Boss
48%
18 Piano
46%
Aucun quiz correspondant
Distribution des résultats
% des personnes avec chaque résultat
Percentile par nombre de réponses
Votre historique - résultats
Vous n’avez pas pris ce quiz